000 00689nam a2200241Ia 4500
003 OSt
005 20221006143008.0
006 a|||||r|||| 00| 0
007 ta
008 221006b |||||||| |||| 00| 0 jpn d
020 _cY3200
024 _a7,752
037 _cTextual
040 _aEASL
_cEASL
_bjpn
041 _2jpn
_ajpn
082 _aY:1.42, f95J2
100 _aShashin Chishi Nihon Henshu Iinkai Ed.
_9648919
245 0 _aPhoto monography of Japan (Shashin chishi nihon)
260 _aTokyo
_bKodanshi Japan
_c1952
300 _a283p.
_ccm.
942 _hY:1.42, f95J2
_cTEXL
_2CC
999 _c1075838
_d1075838